Podrecznik pilota szybowcowego : praca zbiorowa /

Uložené v:
Podrobná bibliografia
Hlavný autor: Nowakowski, Władysław (Author)
Médium: Kniha
Jazyk:Polish
Vydané: Warszawa : Wydaw. Komunikacji i Łaczności, 1967.
Vydanie:1. wyd.
ISBN: (brož.)
Fyzický popis: 511 s.
Tagy: Pridať tag
Žiadne tagy, Buďte prvý kto otaguje tento záznam!

MARC

LEADER 00000nam a2200000 a 4500
001 000142657
005 20090922195634.0
008 040101s1967 pl e pol d
020 |a (brož.) 
040 |a SVKKK  |b slo  |c SVKKK  |e AACR2 
041 0 |a pol 
044 |a pl  |c PL 
245 1 0 |a Podrecznik pilota szybowcowego :  |b praca zbiorowa /  |c Władysław Nowakowski ... [et al.]. 
250 |a 1. wyd. 
260 |a Warszawa :  |b Wydaw. Komunikacji i Łaczności,  |c 1967. 
300 |a 511 s. 
700 1 |a Nowakowski, Władysław  |4 aut 
910 |a svkkk 
998 |a BK 
090 |g SCKHL  |k Sklad Pribinova 2. posch.  |a II.176764  |j 418116  |i 142657-10  |s Absenčne